000 00303nam a22001337a 4500
008 190129b xxu||||| |||| 00| 0 eng d
020 _a9781133309949
041 _aeng
080 _23rd
_a371
100 _a46
101 _aEDU
245 _aWadsworth College Reading Series
_cUhl,L
942 _2udc
_cBK
999 _c53817
_d53817